Indian society and social institution. (Record no. 196)
[ view plain ]
| 000 -LEADER | |
|---|---|
| fixed length control field | 00495cam a2200193ua 4500 |
| 001 - CONTROL NUMBER | |
| control field | 230 |
| 005 - DATE AND TIME OF LATEST TRANSACTION | |
| control field | 20260515113134.0 |
| 008 - FIXED-LENGTH DATA ELEMENTS--GENERAL INFORMATION | |
| fixed length control field | 110325n ii |||gr||||Z||||||eng |
| 040 ## - CATALOGING SOURCE | |
| Transcribing agency | MAIN |
| 082 ## - DEWEY DECIMAL CLASSIFICATION NUMBER | |
| Classification number | 301.0954 |
| 245 1# - TITLE STATEMENT | |
| Title | Indian society and social institution. |
| Statement of responsibility, etc. | By Dr Vatsyayan. |
| 250 ## - EDITION STATEMENT | |
| Edition statement | 9th. |
| 260 ## - PUBLICATION, DISTRIBUTION, ETC. | |
| Place of publication, distribution, etc. | New Delhi.: |
| Name of publisher, distributor, etc. | Kedar Nath Ram Nath. |
| 300 ## - PHYSICAL DESCRIPTION | |
| Extent | 268 p.:5 cm. |
| 653 ## - INDEX TERM--UNCONTROLLED | |
| Uncontrolled term | Sociology. |
| 653 ## - INDEX TERM--UNCONTROLLED | |
| Uncontrolled term | Indian society and social institution. |
| 700 1# - ADDED ENTRY--PERSONAL NAME | |
| Personal name | Vatsyayan., |
| 942 ## - ADDED ENTRY ELEMENTS (KOHA) | |
| Koha item type | Books |
| Withdrawn status | Lost status | Damaged status | Not for loan | Home library | Current library | Shelving location | Date acquired | Total checkouts | Full call number | Barcode | Date last seen | Date last checked out | Copy number | Price effective from | Koha item type |
|---|---|---|---|---|---|---|---|---|---|---|---|---|---|---|---|
| Naharkatiya College Library | Naharkatiya College Library | General stacks | 09/19/2020 | 1 | 301.0954 | VAT | 17107 | 09/08/2022 | 09/06/2022 | 1 | 09/19/2020 | Books |